Ceremonia de nombramiento del profesor José Javier Pérez Rodríguez como Rector Emérito de la Universidad del Pacífico

Պահպանված է:
Մատենագիտական մանրամասներ
Համատեղ հեղինակ: Universidad del Pacífico (Հեղինակ)
Ձևաչափ: Գիրք
Լեզու:իսպաներեն
Հրապարակվել է: Lima Universidad del Pacífico 2005
Խորագրեր:
Ցուցիչներ: Ավելացրեք ցուցիչ
Չկան պիտակներ, Եղեք առաջինը, ով նշում է այս գրառումը!

MARC

LEADER 00000nam a2200000 a 4500
001 UCH4955
003 CL-VaPUC
008 090910e20050609PE |||||||||||||||||spa|d
082 0 4 |a 378.483  |b UNI  |2 21 
110 2 |a Universidad del Pacífico  |e author  |9 541038 
245 1 0 |a Ceremonia de nombramiento del profesor José Javier Pérez Rodríguez como Rector Emérito de la Universidad del Pacífico 
300 |a 29 p 
942 |c BK 
945 |d 20090910 00:00:00  |a dcastane 
260 |a Lima  |b Universidad del Pacífico  |c 2005 
650 0 |a Discursos   |9 265028 
650 0 |a Universidades  |9 256317 
650 0 |a Educación superior   |9 223851 
651 0 |a Perú  |9 256567 
651 7 |a LIMA  |2 CL-VaPUC  |9 350186 
583 |a last modification  |c 20090910 00:00:00  |k Rodrigo Vera 
999 |c 336186  |d 336184 
952 |0 0  |1 0  |4 0  |6 378_483000000000000_UNI_2005  |7 0  |8 X  |9 427169  |a FDOBUD  |b FDOBUD  |d 2019-11-22  |i 4598016  |o 378.483 UNI 2005  |p 4598016  |r 2019-11-22  |w 2019-11-22  |y BK_X  |k BUD